000 00552nam a2200205Ia 4500
005 20260429112131.0
008 260429s9999||||xx |||||||||||||| ||und||
020 _a9788197027765
041 _aEnglish
082 _a647.9406
_bCLA
100 _aClark, Alexander
245 0 _aResorts :
_bmanagement and operation /
_cAlexander Clark
250 _a1st ed.
260 _aNew Delhi :
_bAsia Publishers and Distributors,
_c2024.
300 _axi, 252 p.; hb
650 _a Management
650 _a Operations
650 _aResorts
942 _cTB
999 _c52525
_d52525